|
|
|
|
| LEADER |
00000naa2a2200000 4500 |
| 001 |
428742 |
| 005 |
20231101074848.0 |
| 035 |
|
|
|a (RuTPU)RU\TPU\prd\88344
|
| 035 |
|
|
|a RU\TPU\prd\36995
|
| 090 |
|
|
|a 428742
|
| 100 |
|
|
|a 20101018a2005 k y0rusy50 ca
|
| 101 |
0 |
|
|a rus
|
| 102 |
|
|
|a RU
|
| 200 |
1 |
|
|a Десятилетний опыт обследований стресс-коррозионных и других поверхностных дефектов магистральных газопроводов
|f В. Ф. Мужицкий, В. А. Карабчевский, С. В. Карпов
|
| 225 |
1 |
|
|a Магнитные и виретоковые методы
|
| 461 |
|
0 |
|0 (RuTPU)RU\TPU\prd\151
|x 0130-3082
|t Дефектоскопия
|d 1965-
|
| 463 |
|
0 |
|0 (RuTPU)RU\TPU\prd\88341
|t № 4
|v С. 25-33
|d 2005
|
| 610 |
1 |
|
|a магистральные газопроводы
|
| 610 |
1 |
|
|a стресс-коррозийные дефекты
|
| 610 |
1 |
|
|a поверхностные дефекты
|
| 610 |
1 |
|
|a обследования
|
| 610 |
1 |
|
|a изучение
|
| 610 |
1 |
|
|a аварийность
|
| 610 |
1 |
|
|a растрескивание металла
|
| 610 |
1 |
|
|a трещины
|
| 675 |
|
|
|a 620.179.14
|v 3
|
| 700 |
|
1 |
|a Мужицкий
|b В. Ф.
|
| 701 |
|
1 |
|a Карабчевский
|b В. А.
|
| 701 |
|
1 |
|a Карпов
|b С. В.
|
| 801 |
|
1 |
|a RU
|b 63413507
|c 20050706
|g PSBO
|
| 801 |
|
2 |
|a RU
|b 63413507
|c 20140109
|g RCR
|
| 942 |
|
|
|c BK
|